Largest County by Area in Each U.S. State - Statistics

General Stats
  • This quiz has been taken 117 times
    54 since last reset
  • The average score is 14 of 50
Answer Stats
State Largest County by Total Area % Correct
Rhode Island Washington
77%
Hawaii Hawaii
64%
California San Bernardino
61%
Florida Monroe
55%
Nevada Nye
55%
Delaware Sussex
50%
Illinois Cook
48%
Idaho Idaho
43%
Mississippi Jackson
43%
Pennsylvania Erie
41%
Minnesota St. Louis
41%
Arizona Coconino
36%
New Jersey Ocean
36%
Utah San Juan
36%
Massachusetts Worcester
36%
New York St. Lawrence
34%
Nebraska Cherry
32%
South Carolina Charleston
30%
Oregon Harney
30%
Alaska Yukon-Koyukuk
30%
Texas Brewster
27%
New Hampshire Coos
27%
Connecticut Litchfield
27%
Maine Aroostook
25%
Iowa Kossuth
25%
Oklahoma Osage
25%
Kentucky Pike
23%
Colorado Las Animas
20%
Tennessee Shelby
20%
Wyoming Sweetwater
20%
Missouri Texas
20%
Ohio Ashtabula
18%
Alabama Baldwin
18%
Montana Beaverhead
18%
New Mexico Catron
18%
Maryland Dorchester
18%
North Dakota McKenzie
18%
Louisiana Plaquemines
18%
Arkansas Union
18%
Indiana Allen
16%
North Carolina Dare
16%
South Dakota Meade
16%
Washington Okanogan
16%
Vermont Windsor
16%
Kansas Butler
14%
Georgia Ware
14%
Wisconsin Door
11%
Michigan Keweenaw
11%
West Virginia Randolph
11%
Virginia Accomack
9%
No matching quizzes found
Score Distribution
Percent of People with Each Score
Percentile by Number Answered
Your Score History
You have not taken this quiz since the last reset